[Event "4th London Classic Open"]
[Site "London ENG"]
[Date "2012.12.09"]
[Round "9"]
[White "Willmoth, Robert F"]
[Black "Hoegener, Claude"]
[Result "0-1"]
[WhiteElo "2164"]
[BlackElo "2037"]
[WhiteFideId "402540"]
[BlackFideId "4000978"]
[EventDate "2012.12.01"]

1. Nf3 d5 2. b3 Nf6 3. Bb2 e6 4. e3 Be7 5. g3 b6 6. Bg2 Bb7 7. O-O O-O 8. d4
Nbd7 9. Nbd2 c5 10. c4 Rc8 11. Rc1 dxc4 12. bxc4 Qc7 13. Qc2 Rfd8 14. Rfd1 h6
15. Nb3 Be4 16. Qe2 Qb7 17. Ne1 Qa6 18. Bh3 Ba8 19. Ba1 cxd4 20. exd4 Bd5 21.
Bf1 Ba8 22. Nd3 Ba3 23. Rc2 Qa4 24. f4 Rxc4 25. Nb2 Qc6 26. Nxc4 Qh1+ 27. Kf2
Bb4 28. Nbd2 Qxh2+ 29. Ke1 Qxg3+ 30. Qf2 Qg6 31. Rb2 Be7 32. Rb3 Ng4 33. Qg3 Qh5
34. Nf3 Bd5 35. Bh3 f5 36. Ncd2 Ndf6 37. Rbb1 Qe8 38. Bxg4 Nxg4 39. Ne5 Qh5 40.
Ndf3 Nxe5 41. dxe5 Bxf3 42. Rxd8+ Bxd8 43. Kd2 Bh4 44. Qg1 Be4 45. Rb3 Be7 46.
Bd4 Qe8 47. Rg3 Bf8 48. Qc1 Qa4 49. Qb2 Qc4 50. Ke3 Be7 51. Qe2 Qa4 52. Qb2 Qd1
53. Qd2 Qb1 54. Ke2 Bh4 55. Rg1 Qb5+ 56. Ke3 Bc6 57. Qb2 Qd5 58. Kd2 Bf2 59. Rc1
Bxd4 60. Qb3 Qg2+ 61. Kd3 Qe4+ 62. Kd2 Qxf4+ 63. Kd3 Qe3+ 0-1

[Event "4th London Classic Open"]
[Site "London ENG"]
[Date "2012.12.09"]
[Round "9"]
[White "Wood, Peter R"]
[Black "Zymberi, Astrit"]
[Result "1/2-1/2"]
[WhiteElo "1931"]
[BlackElo "2154"]
[WhiteFideId "422215"]
[BlackFideId "4700295"]
[EventDate "2012.12.01"]

1. e4 c5 2. Nc3 e6 3. g3 d5 4. exd5 exd5 5. Bg2 d4 6. Qe2+ Qe7 7. Nd5 Qxe2+ 8.
Nxe2 Bd6 9. d3 Ne7 10. Bf4 Bxf4 11. Nexf4 Nxd5 12. Nxd5 Kd8 13. O-O Re8 14. Rfe1
Rxe1+ 15. Rxe1 Nc6 16. a3 Bf5 17. b4 cxb4 18. axb4 Rc8 19. b5 Na5 20. Ne7 Rc5
21. Nxf5 Rxf5 22. Rb1 Rf6 23. Ra1 b6 24. Ra4 Rd6 25. Kf1 g5 26. Be4 h6 27. Ke2
Kc7 28. h4 Kb8 29. hxg5 hxg5 30. Ra1 Re6 31. Kd2 Re5 32. Rh1 f5 33. Bg2 Rxb5 34.
Rh8+ Kc7 35. Rh7+ Kb8 36. Rh8+ Kc7 37. Rh7+ Kd6 38. Rxa7 Nc6 39. Bxc6 Kxc6 40.
Rg7 g4 41. Rg8 Rd5 42. Re8 Kb5 43. Re1 Kb4 44. Rb1+ Kc5 45. Ra1 Re5 46. Ra8 Rd5
47. Rc8+ Kb5 48. Ra8 Kb4 49. Ra7 b5 50. Ra1 f4 51. Rb1+ Kc5 52. gxf4 Rf5 53. Ke2
Rxf4 54. Rg1 Kd5 55. Rb1 Kc6 56. Rh1 Rf5 57. Rh8 Rg5 58. Rc8+ Kd6 59. Rb8 Kc5
60. Rc8+ Kb4 61. Rf8 Kc3 62. Kd1 g3 63. Rc8+ Kb2 64. fxg3 Rxg3 65. Rc5 b4 66.
Rb5 Rg1+ 67. Kd2 Rg2+ 68. Kd1 Rg1+ 69. Kd2 Rg2+ 70. Kd1 Kc3 71. Rc5+ Kb2 72. Rc4 1/2-1/2

[Event "4th London Classic Open"]
[Site "London ENG"]
[Date "2012.12.09"]
[Round "9"]
[White "Sayers, Ray"]
[Black "Iyengar, Ilya"]
[Result "1/2-1/2"]
[WhiteElo "2153"]
[BlackElo "2019"]
[WhiteFideId "404870"]
[BlackFideId "405949"]
[EventDate "2012.12.01"]

1. c4 Nf6 2. Nc3 g6 3. e4 d6 4. d4 Bg7 5. Be2 O-O 6. Be3 e5 7. d5 a5 8. g4 Na6
9. h4 Nc5 10. f3 Ne8 11. Qd2 f5 12. g5 Bd7 13. O-O-O Rf7 14. Bf1 Na4 15. Nge2
Qb8 16. h5 f4 17. Bf2 Qd8 18. hxg6 hxg6 19. Bh3 Nxc3 20. Nxc3 Bf8 21. Rdg1 Bxh3
22. Rxh3 Rh7 23. Rxh7 Kxh7 24. Be1 Ng7 25. Nd1 Be7 26. Qg2 Nh5 27. Bh4 c6 28.
Kb1 cxd5 29. exd5 Qc8 30. Qc2 Qh3 31. Qf2 Rc8 32. b3 Qf5+ 33. Qc2 Qxc2+ 34. Kxc2
b5 35. Kd3 1/2-1/2

[Event "4th London Classic Open"]
[Site "London ENG"]
[Date "2012.12.09"]
[Round "9"]
[White "Maduekwe, Chiedu"]
[Black "Carlile, Orison"]
[Result "1/2-1/2"]
[WhiteElo "2151"]
[BlackElo "2016"]
[WhiteFideId "8500118"]
[BlackFideId "2504120"]
[EventDate "2012.12.01"]

1. Nf3 e6 2. c4 f5 3. g3 Nf6 4. Bg2 Be7 5. O-O O-O 6. Nc3 d6 7. d4 Ne4 8. Qc2
Nxc3 9. Qxc3 a5 10. b3 Bf6 11. Bb2 Nc6 12. Rad1 Qe8 13. Qc2 e5 14. dxe5 dxe5 15.
e4 Qg6 16. Rfe1 f4 17. a3 Bg4 18. Rd5 fxg3 19. hxg3 Qh5 20. Re3 Be6 21. Rd2 g5
22. Red3 g4 23. Nh2 Bg5 24. Rd1 Rf6 25. Nf1 Raf8 26. Ne3 Rh6 27. Nd5 Rf7 28. Bc3
b6 29. Qb2 Bxd5 30. cxd5 Nd4 31. Bxd4 exd4 32. Qxd4 Bf6 33. Qc4 Be5 1/2-1/2

[Event "4th London Classic Open"]
[Site "London ENG"]
[Date "2012.12.09"]
[Round "9"]
[White "Hortillosa, Andres D"]
[Black "Rodriguez, Vidal"]
[Result "0-1"]
[WhiteElo "1963"]
[BlackElo "2148"]
[WhiteFideId "2038749"]
[BlackFideId "3901343"]
[EventDate "2012.12.01"]

1. e4 c5 2. Nc3 a6 3. a4 Nc6 4. g3 g6 5. Bg2 Bg7 6. d3 e6 7. Be3 d6 8. Qd2 Rb8
9. f4 Nge7 10. Nf3 Nd4 11. O-O O-O 12. e5 Nef5 13. Bf2 Nxf3+ 14. Bxf3 Nd4 15.
Bg2 dxe5 16. fxe5 Bxe5 17. Rae1 Bg7 18. Ne4 b6 19. c3 Nb3 20. Qf4 e5 21. Qe3 Bb7
22. g4 f5 23. gxf5 gxf5 24. Qh3 fxe4 25. Rxe4 Nd2 26. Qe6+ Kh8 27. Rh4 Bxg2 28.
Qg6 Qxh4 0-1

[Event "4th London Classic Open"]
[Site "London ENG"]
[Date "2012.12.09"]
[Round "9"]
[White "Harari, Zaki"]
[Black "Saikhanzaya, Ganbaatar"]
[Result "1/2-1/2"]
[WhiteElo "2143"]
[BlackElo "1924"]
[WhiteFideId "2002639"]
[BlackFideId "4900030"]
[EventDate "2012.12.01"]

1. e4 e6 2. d4 d5 3. Nc3 Bb4 4. a3 Bxc3+ 5. bxc3 dxe4 6. Qg4 Nf6 7. Qxg7 Rg8 8.
Qh6 Rg6 9. Qe3 Nc6 10. Ne2 Ne7 11. Ng3 Ned5 12. Qd2 Qd6 13. c4 e3 14. fxe3 Rxg3
15. cxd5 Ne4 16. Qb4 Rg6 17. Qxd6 Nxd6 18. dxe6 Bxe6 19. Rg1 O-O-O 20. Bd3 f5
21. a4 h5 22. Ba3 Nf7 23. Be7 Re8 24. Bh4 Nh6 25. h3 Nf7 26. Kf2 Reg8 27. c4 Nd6
28. d5 Bd7 29. Be7 Ne4+ 30. Bxe4 fxe4 31. h4 Bg4 32. a5 Kd7 33. Bg5 R6g7 34.
Rgb1 Rf7+ 35. Bf4 Kc8 36. a6 b6 37. c5 Rg6 38. d6 Bd7 39. Rc1 Kb8 40. Rab1 cxd6
41. cxb6 axb6 42. Rxb6+ Ka7 43. Rb7+ Kxa6 44. Rcc7 Rgg7 45. Kg1 Be6 46. Rxf7
Rxf7 47. Rxf7 Bxf7 48. Bxd6 Be6 49. Kh2 Kb5 50. Kg3 Kc6 51. Bb8 Kd5 52. Kf4 Bg4
53. Ba7 Bd1 54. Bd4 Bg4 1/2-1/2

[Event "4th London Classic Open"]
[Site "London ENG"]
[Date "2012.12.09"]
[Round "9"]
[White "Tortolero, Cesar"]
[Black "Dole, Anant"]
[Result "0-1"]
[WhiteElo "1926"]
[BlackElo "2138"]
[WhiteFideId "3907368"]
[BlackFideId "14301490"]
[EventDate "2012.12.01"]

1. d4 d5 2. Nf3 c6 3. c4 e6 4. Nc3 dxc4 5. a4 Bb4 6. e3 b5 7. axb5 cxb5 8. Be2
Bb7 9. O-O a6 10. Ne5 Ne7 11. Qc2 O-O 12. f4 Nd7 13. Bf3 Bxf3 14. Rxf3 Nxe5 15.
fxe5 Ng6 16. Bd2 Bxc3 17. bxc3 a5 18. Qe4 Qd5 19. Qc2 Rfd8 20. Raf1 Nxe5 21.
dxe5 Qxd2 22. Qxd2 Rxd2 23. Rxf7 b4 24. Rc7 Rf8 25. Rb1 bxc3 26. Re1 c2 27. Rxc4
Rd1 0-1

[Event "4th London Classic Open"]
[Site "London ENG"]
[Date "2012.12.09"]
[Round "9"]
[White "Hebbes, Tim"]
[Black "Baasansuren, Erdene"]
[Result "1-0"]
[WhiteElo "2111"]
[BlackElo "1795"]
[WhiteFideId "406570"]
[BlackFideId "4902084"]
[EventDate "2012.12.01"]

1. e4 c5 2. Nf3 e6 3. c3 Nf6 4. e5 Nd5 5. d4 cxd4 6. cxd4 d6 7. Nc3 Nxc3 8. bxc3
Qc7 9. Bd2 Nd7 10. exd6 Bxd6 11. Bd3 O-O 12. O-O b6 13. h3 Bb7 14. Re1 Rac8 15.
Rc1 Rfe8 16. c4 h6 17. Qe2 e5 18. Nh4 e4 19. Bb1 Nf6 20. Nf5 Bf4 21. c5 Qd7 22.
Nxg7 Kxg7 23. Bxf4 Qxd4 24. Red1 Qb4 25. Bd2 Qa4 26. Qe3 Rh8 27. Bc3 Qc6 28. Rd6
Qxc5 29. Bxf6+ Kf8 30. Rxc5 bxc5 31. Bxh8 c4 32. Bf6 c3 33. Qxh6+ Ke8 34. Qh8# 1-0

[Event "4th London Classic Open"]
[Site "London ENG"]
[Date "2012.12.09"]
[Round "9"]
[White "Mehringer, Joerg"]
[Black "Steevensz, Carel"]
[Result "0-1"]
[WhiteElo "1874"]
[BlackElo "2096"]
[WhiteFideId "12915351"]
[BlackFideId "1009036"]
[EventDate "2012.12.01"]

1. e4 c5 2. g3 Nc6 3. Bg2 g6 4. f4 Bg7 5. Nf3 e6 6. O-O Nge7 7. d3 d5 8. c3 O-O
9. Na3 Rb8 10. Be3 d4 11. Bd2 b5 12. Nc2 c4 13. dxc4 d3 14. Ne3 bxc4 15. Nxc4
Ba6 16. b3 Bxc4 17. bxc4 Qa5 18. Kh1 Rb2 19. e5 Rxa2 20. Qb1 Rxa1 21. Qxa1 Qc5
22. Qa2 h5 23. Re1 Rd8 24. Be3 Qa5 25. Qxa5 Nxa5 26. Nd2 Rc8 27. c5 Nf5 28. Bf2
Bf8 29. Ne4 Nc4 30. Nd6 d2 31. Rd1 Nfe3 32. Bxe3 Nxe3 33. Rxd2 Rxc5 34. Rd3 Nxg2
35. Kxg2 Be7 36. Kf3 Kf8 37. Ke3 Bxd6 38. exd6 Ke8 39. Kd2 Rd5 40. c4 Rxd3+ 41.
Kxd3 Kd7 42. c5 f6 43. h4 a5 44. Kc4 Kc6 45. Kd4 a4 46. Kc4 e5 47. d7 Kxd7 48.
Kb4 Kc6 0-1

[Event "4th London Classic Open"]
[Site "London ENG"]
[Date "2012.12.09"]
[Round "9"]
[White "Kouchak, Jason"]
[Black "Duncan, Patrick C M"]
[Result "0-1"]
[WhiteElo "1703"]
[BlackElo "2071"]
[WhiteFideId "26011379"]
[BlackFideId "405787"]
[EventDate "2012.12.01"]

1. d4 Nf6 2. Nf3 e6 3. Bg5 Be7 4. Bxf6 Bxf6 5. c3 b6 6. e3 Bb7 7. Nbd2 g6 8. Bd3
d6 9. Qc2 Nd7 10. h4 Qe7 11. O-O-O O-O-O 12. Qa4 Kb8 13. Ba6 Ba8 14. Kb1 Bg7 15.
Rc1 h6 16. c4 c5 17. Rc3 e5 18. dxe5 Nxe5 19. Rb3 Qd7 20. Bb5 Qc7 21. e4 f5 22.
exf5 Nxf3 23. Nxf3 Be4+ 24. Ka1 gxf5 25. Ra3 Bf6 26. Re1 Rh7 27. g3 Re7 28. Nd2
Ba8 29. Rae3 Rxe3 30. Rxe3 f4 31. gxf4 Qg7 32. Qc2 Bxh4 33. a3 Bxf2 34. Re2 Bd4
35. Qf5 Bxb2+ 36. Ka2 Bd4 37. Qe6 d5 38. f5 dxc4 39. Bxc4 b5 40. Bb3 c4 41. Bc2
Ba1 42. f6 Qxf6 43. Qxf6 Bxf6 44. Rf2 Bh4 45. Re2 Bd5 46. Kb1 Rg8 47. Bf5 c3 48.
Ne4 Rf8 49. Nd6 Bg3 50. Be4 0-1

[Event "4th London Classic Open"]
[Site "London ENG"]
[Date "2012.12.09"]
[Round "9"]
[White "Millward, Kevin P"]
[Black "Stachanczyk, Jacek"]
[Result "0-1"]
[WhiteElo "1969"]
[BlackElo "2265"]
[WhiteFideId "404721"]
[BlackFideId "1116657"]
[EventDate "2012.12.01"]

1. e4 c5 2. Nc3 d6 3. g3 Nc6 4. Bg2 g6 5. d3 Bg7 6. Be3 e5 7. Qd2 Nge7 8. Bh6
Bxh6 9. Qxh6 Nd4 10. Qd2 Qa5 11. Nf3 Nec6 12. O-O Bg4 13. Nxd4 cxd4 14. Nb1 Qxd2
15. Nxd2 Rc8 16. Rfc1 Ke7 17. c3 dxc3 18. bxc3 Rc7 19. Nc4 Be6 20. Ne3 Rhc8 21.
Rcb1 Na5 22. c4 Rc5 23. a4 b6 24. f4 Kf8 25. h4 exf4 26. gxf4 Rh5 27. Kf2 Rxh4
28. Kg3 Rh5 29. Bf3 Rhc5 30. d4 R5c7 31. d5 Bd7 32. Be2 Re8 33. Bd3 f5 34. Kf3
fxe4+ 35. Bxe4 Nxc4 36. Nf1 Bh3 37. Ra2 Rxe4 38. Kxe4 Bf5+ 39. Kd4 Bxb1 40. Ra1
Bf5 41. Rc1 Bc8 42. Ne3 Ba6 43. f5 Rc8 44. fxg6 Nxe3 45. gxh7 Nf5+ 46. Ke4 Ng3+ 0-1

[Event "4th London Classic Open"]
[Site "London ENG"]
[Date "2012.12.09"]
[Round "9"]
[White "Hodgson, John H"]
[Black "Dydak, Mateusz"]
[Result "1/2-1/2"]
[WhiteElo "2192"]
[BlackElo "1992"]
[WhiteFideId "403520"]
[BlackFideId "2612305"]
[EventDate "2012.12.01"]

1. e4 e6 2. d4 d5 3. Nd2 dxe4 4. Nxe4 Nd7 5. Nf3 Ngf6 6. Bd3 Nxe4 7. Bxe4 Nf6 8.
Bg5 Be7 9. Bxf6 Bxf6 10. Qd3 h6 11. O-O-O c6 12. Kb1 Qc7 13. h4 Bd7 14. Ne5 Bxe5
15. dxe5 O-O-O 16. f4 c5 17. Qf3 Bc6 18. Bxc6 Qxc6 19. Qxc6+ bxc6 20. Kc1 Rd5
21. Rh3 Rhd8 22. Rxd5 exd5 23. Rg3 Rg8 24. Rc3 c4 25. b3 Kd7 26. bxc4 Ke6 27.
cxd5+ Kxd5 28. g4 g5 29. fxg5 hxg5 30. h5 Kxe5 31. Rxc6 Kf4 32. Rc4+ Kf3 33. Kd2
f5 34. gxf5 g4 35. Ke1 Rg5 36. Kf1 Rxh5 37. Rc3+ Ke4 38. Kg2 Rxf5 39. Rc4+ Ke3
40. Rxg4 Rf2+ 41. Kg3 Rxc2 42. Ra4 1/2-1/2

[Event "4th London Classic Open"]
[Site "London ENG"]
[Date "2012.12.09"]
[Round "9"]
[White "Yeo, Michael J"]
[Black "Rogers, Tim L"]
[Result "0-1"]
[WhiteElo "2191"]
[BlackElo "1979"]
[WhiteFideId "402257"]
[BlackFideId "418137"]
[EventDate "2012.12.01"]

1. e4 c6 2. d4 d5 3. e5 c5 4. dxc5 e6 5. a3 Bxc5 6. Nf3 Ne7 7. b4 Bb6 8. Bd3 Nd7
9. O-O a5 10. Bb2 axb4 11. axb4 Rxa1 12. Bxa1 Nc6 13. b5 Ne7 14. Nbd2 Nc5 15.
Be2 Bd7 16. Bc3 O-O 17. Qa1 Qc7 18. Bb4 Rc8 19. c4 Ng6 20. g3 Ne4 21. Nxe4 dxe4
22. Bd6 exf3 23. Bxc7 fxe2 24. Bxb6 exf1=Q+ 25. Qxf1 Nxe5 26. c5 Be8 27. Qg2
Bxb5 28. Qxb7 Re8 29. Bc7 Bc6 30. Qb6 Nf3+ 31. Kf1 Bd5 32. c6 e5 33. Qb5 Bc4+ 0-1

[Event "4th London Classic Open"]
[Site "London ENG"]
[Date "2012.12.09"]
[Round "9"]
[White "Takahashi, Reiji"]
[Black "Casiot, David J"]
[Result "1-0"]
[WhiteElo "2079"]
[BlackElo "1991"]
[WhiteFideId "7000880"]
[BlackFideId "405973"]
[EventDate "2012.12.01"]

1. d4 f5 2. c4 Nf6 3. Nc3 e6 4. Nf3 d5 5. g3 Be7 6. Bg2 O-O 7. O-O c6 8. Rb1 Qe8
9. b4 Ne4 10. Qc2 Nd7 11. b5 Ndf6 12. bxc6 bxc6 13. Ne5 Nxc3 14. Qxc3 Ba6 15.
Ba3 Bxa3 16. Qxa3 Bxc4 17. Nxc4 dxc4 18. Qc5 Ne4 19. Bxe4 fxe4 20. Qxc4 Qd7 21.
Rb3 Rf7 22. Rc3 Rc8 23. e3 g6 24. Qb3 Rf5 25. Qc2 Ra5 26. Rc1 Qd5 27. Rxc6 Rxc6
28. Qxc6 Rxa2 29. Qe8+ Kg7 30. Rc7+ Kh6 31. Qf8+ Kh5 32. Rxh7+ Kg4 33. Qf4# 1-0

[Event "4th London Classic Open"]
[Site "London ENG"]
[Date "2012.12.09"]
[Round "9"]
[White "Cannon, Richard J"]
[Black "Kreuzer, Christopher R L"]
[Result "1-0"]
[WhiteElo "2071"]
[BlackElo "1977"]
[WhiteFideId "408670"]
[BlackFideId "470589"]
[EventDate "2012.12.01"]

1. e4 c5 2. Nc3 e6 3. g3 d5 4. exd5 exd5 5. Bg2 Nf6 6. d3 Be7 7. Nge2 Nc6 8. O-O
O-O 9. d4 Bg4 10. dxc5 Bxc5 11. Bg5 Nd4 12. Qd3 Bf5 13. Qd2 Nxc2 14. Rac1 d4 15.
Bxf6 Qxf6 16. Ne4 Bxe4 17. Bxe4 d3 18. Bxh7+ Kxh7 19. Qxd3+ g6 20. Rxc2 Rad8 21.
Qc3 Qa6 22. b4 Be7 23. Rb1 Rd3 24. Qc4 Qxc4 25. Rxc4 Rd2 26. Nc3 Rc2 27. Re4 Bf6
28. Nd5 Bg7 29. Rh4+ Bh6 30. Ne3 Rxa2 31. Ng4 f5 32. Nxh6 Kg7 33. Rd1 g5 34.
Rd7+ Kg6 35. Rd6+ Kg7 36. Rc4 f4 37. Rc7+ Kh8 38. Nf7+ Kg8 39. Nxg5 Ra1+ 40. Kg2
f3+ 41. Nxf3 1-0

[Event "4th London Classic Open"]
[Site "London ENG"]
[Date "2012.12.09"]
[Round "9"]
[White "Dror, Levi"]
[Black "Gregory, Philip J"]
[Result "1/2-1/2"]
[WhiteElo "1782"]
[BlackElo "2071"]
[WhiteFideId "2809583"]
[BlackFideId "407852"]
[EventDate "2012.12.01"]

1. e4 e5 2. Nf3 Nc6 3. Bb5 a6 4. Ba4 Nf6 5. O-O Nxe4 6. Re1 Nc5 7. Bxc6 dxc6 8.
Nxe5 Be7 9. d4 Ne6 10. Be3 O-O 11. c4 f6 12. Nf3 f5 13. Qb3 f4 14. Bd2 Bf6 15.
Bb4 Re8 16. d5 Nd4 17. Rxe8+ Qxe8 18. Nxd4 Bxd4 19. dxc6 Qxc6 20. Nc3 Bxc3 21.
Qxc3 Be6 1/2-1/2

[Event "4th London Classic Open"]
[Site "London ENG"]
[Date "2012.12.09"]
[Round "9"]
[White "Millward, Richard"]
[Black "Koch, Alain2"]
[Result "1-0"]
[WhiteElo "2048"]
[BlackElo "1960"]
[WhiteFideId "405698"]
[BlackFideId "639532"]
[EventDate "2012.12.01"]

1. e4 e5 2. Nf3 Nc6 3. Bb5 d6 4. c3 Bd7 5. O-O a6 6. Ba4 Be7 7. d3 Nf6 8. h3 O-O
9. Be3 Nb8 10. Bc2 Ne8 11. d4 Nc6 12. d5 Na7 13. c4 f5 14. exf5 Bxf5 15. Bxf5
Rxf5 16. Qc2 Rf7 17. Nbd2 g6 18. Ne4 Ng7 19. Qd2 Rf5 20. Ng3 Rf7 21. Ng5 Bxg5
22. Bxg5 Qd7 23. f4 exf4 24. Rxf4 Rxf4 25. Qxf4 Rf8 26. Qd4 Nc8 27. Bh6 Nf5 28.
Nxf5 Rxf5 29. Re1 Rf7 30. Qg4 Nb6 31. Re6 Re7 32. Qf3 Qe8 33. Qc3 Nc8 34. Qg7+
Rxg7 35. Rxe8+ Kf7 36. Rxc8 Rg8 37. Rxc7+ Kf6 38. Rxb7 g5 39. Rxh7 Kg6 40. Rg7+
Rxg7 41. Bxg7 Kxg7 42. b4 Kf7 43. g3 Kf6 44. h4 gxh4 45. gxh4 Ke5 46. h5 Kd4 47.
c5 Kxd5 48. cxd6 Kxd6 49. h6 Kc6 50. h7 Kb5 51. h8=Q Kxb4 52. Kf2 a5 53. Ke3 Ka3
54. Qc3+ Kxa2 55. Kd2 a4 56. Kc2 a3 57. Qb4 1-0

[Event "4th London Classic Open"]
[Site "London ENG"]
[Date "2012.12.09"]
[Round "9"]
[White "Shepley, Julien M"]
[Black "Boger, Raymond"]
[Result "0-1"]
[WhiteElo "2029"]
[BlackElo "1946"]
[WhiteFideId "403210"]
[BlackFideId "1507419"]
[EventDate "2012.12.01"]

1. e4 c5 2. Nf3 d6 3. g3 Nc6 4. Bg2 g6 5. c3 Bg7 6. O-O e5 7. Qe2 Nh6 8. Na3 O-O
9. Nc4 f5 10. d3 f4 11. d4 cxd4 12. cxd4 Bg4 13. dxe5 Nd4 14. Qd3 Bxf3 15. Bxf3
dxe5 16. gxf4 Qh4 17. Bd1 exf4 18. f3 Rad8 19. Bd2 Ndf5 20. Qb3 Bd4+ 21. Kg2 Kh8
22. exf5 Rxf5 23. Bc3 Rg5+ 24. Kh1 Nf5 25. Bxd4+ Rxd4 26. Qc3 Ng3+ 27. Kg2 Ne2+ 0-1

[Event "4th London Classic Open"]
[Site "London ENG"]
[Date "2012.12.09"]
[Round "9"]
[White "Pauw, Martijn"]
[Black "Shah, Dipak K"]
[Result "1/2-1/2"]
[WhiteElo "2011"]
[BlackElo "1914"]
[WhiteFideId "1008447"]
[BlackFideId "425842"]
[EventDate "2012.12.01"]

1. e4 c5 2. Nf3 Nc6 3. d4 cxd4 4. Nxd4 e5 5. Nb5 a6 6. Nd6+ Bxd6 7. Qxd6 Nf6 8.
Nc3 Qe7 9. Qxe7+ Nxe7 10. Bg5 b5 11. Bxf6 gxf6 12. O-O-O Bb7 13. a3 O-O-O 14.
Rd6 f5 15. Bd3 fxe4 16. Bxe4 Rhg8 17. Bxb7+ Kxb7 18. Rhd1 Nc6 19. Rxd7+ Rxd7 20.
Rxd7+ Kc8 21. Rxf7 Rxg2 22. h4 h5 23. Rf5 Rh2 24. Rxh5 Rxf2 25. Rh8+ Kb7 26. Ne4
Re2 27. Nc5+ Kb6 28. Kd1 Rh2 29. b4 Nd4 30. Rh6+ Nc6 31. h5 a5 32. Nd3 Kc7 33.
Rh7+ Kd6 34. h6 e4 35. Nc5 axb4 36. axb4 Nxb4 37. Nxe4+ Ke5 38. Re7+ Kf5 39. h7
Nd5 40. Nd6+ Kf6 41. Rb7 Ne3+ 42. Kc1 Rxc2+ 43. Kb1 Rh2 44. Nxb5 1/2-1/2

[Event "4th London Classic Open"]
[Site "London ENG"]
[Date "2012.12.09"]
[Round "9"]
[White "Szalontay, Mihaly"]
[Black "Othman, Mustapha"]
[Result "1-0"]
[WhiteElo "2011"]
[BlackElo "1865"]
[WhiteFideId "746967"]
[BlackFideId "8500797"]
[EventDate "2012.12.01"]

1. e4 c5 2. c3 d5 3. exd5 Qxd5 4. d4 cxd4 5. cxd4 Nc6 6. Nf3 Bg4 7. Nc3 Qf5 8.
Be2 e6 9. O-O Nf6 10. h3 Bxf3 11. Bxf3 Bd6 12. Qa4 O-O 13. Bxc6 bxc6 14. Qxc6
Rfd8 15. Qb5 Qxb5 16. Nxb5 Rab8 17. Nxd6 Rb4 18. a3 Rxd4 19. Nb5 R4d7 20. Nc3 h6
21. Be3 Rb8 22. b4 Rc8 23. Bc5 Rd3 24. Rac1 Nd7 25. Rfd1 Nxc5 26. bxc5 Rxd1+ 27.
Nxd1 Rc6 28. Nb2 f6 29. Kf1 Kf7 30. Ke2 Ke7 31. Kd3 Kd7 32. Kc4 Rc8 33. Rd1+ Kc7
34. f4 Rb8 35. Nd3 Rd8 36. Re1 Re8 37. Rh1 g5 38. g3 gxf4 39. gxf4 e5 40. Re1 e4
41. Nb4 f5 42. Nd5+ Kc6 43. Ne3 Rf8 44. Rd1 Rf7 45. Rd5 Rg7 46. Nxf5 Rf7 47.
Nd4+ Kb7 48. Rf5 Re7 49. Re5 Rg7 50. Rxe4 Rg3 51. Re7+ Kc8 52. Rxa7 Rxh3 53. Kd5
Re3 54. Kc6 Kd8 55. Ra8+ Ke7 56. Nf5+ 1-0

[Event "4th London Classic Open"]
[Site "London ENG"]
[Date "2012.12.09"]
[Round "9"]
[White "Baterdene, Tsogbayar"]
[Black "Gschwendtner, Stanislav"]
[Result "1-0"]
[WhiteElo "1673"]
[BlackElo "2004"]
[WhiteFideId "4901592"]
[BlackFideId "307297"]
[EventDate "2012.12.01"]

1. e4 c5 2. Nf3 d6 3. d4 cxd4 4. Nxd4 Nf6 5. Nc3 g6 6. Be2 Bg7 7. O-O Nc6 8. Be3
O-O 9. Nb3 a6 10. f4 b6 11. Bf3 Bb7 12. Kh1 Rc8 13. Qd2 Na5 14. Nxa5 bxa5 15. e5
Bxf3 16. exf6 Bxg2+ 17. Kxg2 Bxf6 18. Bd4 Bxd4 19. Qxd4 Rc5 20. Rad1 Qb6 21. Nd5
Rxc2+ 22. Rf2 Rxf2+ 23. Kxf2 Qxd4+ 24. Rxd4 Rb8 25. b3 Kf8 26. Rc4 e6 27. Nc3 d5
28. Rc5 Rb4 29. Kf3 Rd4 30. Ne2 Rd3+ 31. Kf2 a4 32. bxa4 Ra3 33. Ra5 Rxa2 34.
Rxa6 g5 35. fxg5 d4 36. Ke1 e5 37. Ra5 d3 38. Ng3 e4 39. Re5 Ra1+ 40. Kd2 Rxa4
41. Nxe4 Ra2+ 42. Kxd3 Rxh2 43. Nf6 Kg7 44. Ng4 1-0

[Event "4th London Classic Open"]
[Site "London ENG"]
[Date "2012.12.09"]
[Round "9"]
[White "Walinga, Eric Jan"]
[Black "Nettleton, Charlie B"]
[Result "1-0"]
[WhiteElo "2004"]
[BlackElo "1845"]
[WhiteFideId "1011898"]
[BlackFideId "419710"]
[EventDate "2012.12.01"]

1. e4 e5 2. Nf3 Nc6 3. Bb5 Nf6 4. d3 Bc5 5. O-O d6 6. c3 O-O 7. Be3 Bxe3 8. fxe3
Ne7 9. Nbd2 c6 10. Bc4 Qb6 11. Qe1 Qxb2 12. Rc1 Qb6 13. Bb3 Ng6 14. d4 a5 15.
Nh4 a4 16. Bc4 Qc7 17. Nf5 Be6 18. a3 Nxe4 19. Nxe4 Bxc4 20. Qg3 Bxf1 21. Rxf1
f6 22. h4 d5 23. Nc5 Rfe8 24. h5 Nf8 25. dxe5 Ne6 26. Nd3 Kh8 27. Nd6 Red8 28.
h6 g6 29. Rxf6 Qe7 30. Nf7+ Kg8 31. Nxd8 Rxd8 32. Nf4 Nxf4 33. exf4 Qxa3 34. f5
Qc1+ 35. Kf2 Qd2+ 36. Kg1 g5 37. e6 Qc1+ 38. Kh2 Qf4 39. Rf7 Qxg3+ 40. Kxg3 Rb8
41. Rg7+ Kh8 42. f6 a3 43. e7 1-0

[Event "4th London Classic Open"]
[Site "London ENG"]
[Date "2012.12.09"]
[Round "9"]
[White "Johansson, Toni"]
[Black "Phillips, Owen S"]
[Result "1/2-1/2"]
[WhiteElo "2100"]
[BlackElo "1926"]
[WhiteFideId "1703269"]
[BlackFideId "417882"]
[EventDate "2012.12.01"]

1. e4 e6 2. d4 d5 3. e5 c5 4. c3 Nc6 5. Nf3 Bd7 6. Bd3 Be7 7. O-O Nh6 8. dxc5
Bxc5 9. b4 Be7 10. a4 Qc7 11. Qe2 Ng4 12. Na3 Ncxe5 13. Nxe5 Nxe5 14. Nb5 Bxb5
15. Bxb5+ Nc6 16. f4 Bf6 17. Ra3 a6 18. Bd3 d4 19. b5 axb5 20. axb5 Rxa3 21.
Bxa3 Ne7 22. c4 O-O 23. Bb4 Ra8 24. g4 Ng6 25. Qe4 e5 26. h4 Bxh4 27. fxe5 Qxe5
28. Qxe5 Nxe5 29. Be4 Ra4 30. Rb1 Nxc4 31. Bxb7 g6 32. Bc5 d3 33. Bd5 Nd2 34.
Rb4 Rxb4 35. Bxb4 Nb1 36. Kf1 Bg3 37. Ba2 Kg7 38. Bxb1 Kf6 39. Bxd3 h5 40. Be1
Bb8 41. Bc3+ Kg5 42. Bb4 Kxg4 43. b6 Kf4 44. Kf2 Ke5 45. Bc4 f5 46. Bf7 Kf6 47.
Be8 h4 48. Kg2 g5 49. Kh3 Bg3 50. Bd7 g4+ 51. Kg2 Bb8 52. Bc3+ Kg5 53. Bb4 Kf6
54. Bc3+ Kg5 55. Bb4 Kf6 56. Bd2 h3+ 57. Kf2 Ke5 58. Bc3+ Kf4 59. Bd2+ Ke5 60.
Kg3 Ke4+ 61. Kf2 g3+ 62. Ke2 f4 63. Bc6+ Kf5 64. Kf3 g2 65. Kf2 Bd6 66. Bd7+ Ke4
67. Bxh3 1/2-1/2